Destinos del Aeropuerto Int. El Dorado (Bogotá) - Estadísticas

Estadísticas generales
  • Esta prueba ha sido intentada 127 veces
    35 desde el último reinicio
  • La puntuación promedio es 65 de 104
Estadísticas de respuestas
Aerolíneas Destino % Correcto
Clic Air SATENA Medellín (EOH)
100%
Avianca
JetSMART
LATAM Airlines
Wingo
Medellín (JMC)
100%
Avianca
LATAM Airlines
Wingo
Barranquilla
96%
Air EuropaAvianca
Iberia
Plus Ultra Líneas Aéreas
Madrid
96%
AviancaClic Air
JetSMART
LATAM Airlines
Wingo
Cali
92%
Avianca
JetSMART
LATAM Airlines
Wingo
Cartagena de Indias
92%
Aeroméxico Avianca Ciudad de México (MEX)
92%
VivaVolaris Ciudad de México (NLU)
92%
American Airlines
Avianca
Emirates LATAM Airlines
Miami
92%
Aerolíneas ArgentinasAvianca Buenos Aires (AEP)
88%
Avianca Buenos Aires (EZE)
88%
AviancaAvior Airlines Laser Airlines LATAM Airlines
Wingo
Caracas
88%
Avianca LATAM Airlines Lima
88%
Avianca Nueva York
88%
AviancaAir France París
88%
Avianca LATAM Airlines Pasto
88%
Avianca
JetSMART
LATAM Airlines
Wingo
Santa Marta
84%
AviancaJetSMART
LATAM Airlines
Santiago de Chile
84%
Avianca Barcelona
80%
Wingo Ciudad de Panamá (BLB)
80%
AviancaCopa Airlines Ciudad de Panamá (PTY)
80%
Avianca
LATAM Airlines
Cúcuta
80%
Avianca La Paz
80%
Avianca LATAM Airlines Leticia
80%
Avianca Londres
80%
Avianca Montevideo
80%
Avianca Río de Janeiro
80%
Clic Air SATENA San José del Guaviare
80%
AraJet
Avianca Wingo
Santo Domingo
80%
Avianca Asunción
76%
GOL Linhas Aéreas Brasilia
76%
SATENA Corozal
76%
Clic Air Manizales
76%
Avianca LATAM Airlines Montería
76%
Avianca
JetSMART
LATAM Airlines
Pereira
76%
Avianca Clic Air Popayán
76%
Avianca
Clic Air SATENA
Quibdó
76%
Avianca LATAM Airlines Riohacha
76%
AviancaWingo San José (CR)
76%
AviancaLATAM Airlines São Paulo
76%
Avianca
LATAM Airlines
Wingo
Armenia
72%
Avianca
Clic Air
LATAM Airlines
Wingo
Bucaramanga
72%
AviancaViva Wingo Cancún
72%
Emirates Dubai
72%
United Airlines Houston
72%
Avianca LATAM Airlines Ibagué
72%
AraJetAvianca
Wingo
Punta Cana
72%
Avianca LATAM Airlines Quito
72%
AviancaJetSMART
LATAM Airlines
San Andrés
72%
Air Canada Avianca Toronto
72%
KLM Ámsterdam
68%
Turkish Airlines Estambul
68%
Clic Air SATENA Florencia
68%
Wingo La Habana
68%
AviancaClic Air
LATAM Airlines
Neiva
68%
SATENA Puerto Carreño
68%
SATENA Villagarzón
68%
Avianca
Clic Air SATENA
Villavicencio
68%
AviancaClic Air
SATENA
Arauca
64%
SATENA Puerto Inirida
64%
Delta Airlines Atlanta
60%
AviancaWingo Ciudad de Guatemala
60%
Lufthansa Fráncfort
60%
SATENA Mitú
60%
Avianca San Salvador
60%
Avianca Valledupar
60%
American AirlinesAvianca Dallas-Fort Worth
56%
VivaVolaris Guadalajara
56%
Avianca Guayaquil
56%
AviancaViva Monterrey
56%
Avianca LATAM Airlines Spirit Airlines Orlando
56%
Avianca Boston
48%
Avianca Chicago
48%
Avianca San Juan
48%
SATENATurpial Airlines Valencia (VE)
48%
Avianca Clic Air LATAM Airlines Yopal
48%
AviancaClic Air Barrancabermeja
44%
AviancaSpirit Airlines Fort Lauderdale
44%
Air CanadaAvianca Montreal
44%
Avianca Washington D. C.
44%
AviancaLATAM Airlines
Wingo
Willemstad
44%
Edelweiss Air Zúrich
44%
SATENA Apartadó
40%
SATENA Buenaventura
40%
Avianca Ipiales
40%
AviancaGOL Linhas Aéreas Manaos
40%
AviancaLATAM Airlines
Wingo
Oranjestad
40%
Avianca Santa Cruz de la Sierra
40%
Avianca Cordoba
36%
SATENA Tumaco
36%
Avianca Cusco
32%
Avianca Georgetown
32%
Avianca Tampa
32%
SATENA Tolú
32%
AviancaLATAM Airlines Belém
28%
United Airlines Newark
28%
Clic Air SATENA Puerto Asís
28%
SATENA Aguachica
24%
Clic Air SATENA La Macarena
24%
Clic Air SATENA Pitalito
24%
SATENA Saravena
16%
SATENA San Vicente del Caguán
12%
SATENA Tame
12%
SATENA Puerto Leguízamo
8%
No se encontraron pruebas coincidentes
Distribución de puntuación
Porcentaje de gente con cada puntuación
Porcentaje por número respondido
Historial de tus puntuaciones
No has intentado esta prueba desde el último reinicio